[Event "ROM-ch U10 Girls"]
[Site "Calimanesti Caciulata"]
[Date "2019.04.17"]
[Round "4.14"]
[White "Nedelcu, Andreea"]
[Black "Ionescu, Bianca Andreea"]
[Result "1-0"]
[WhiteElo "1221"]
[BlackElo "1001"]
[PlyCount "101"]
[EventDate "2019.04.15"]
[EventType "swiss"]
[EventRounds "9"]
[EventCountry "ROU"]
[SourceTitle "EXT 2024"]
[Source "ChessBase"]
[SourceDate "2023.10.10"]
[SourceVersion "1"]
[SourceVersionDate "2023.10.10"]
[SourceQuality "1"]

1. e4 g6 2. Nf3 Bg7 3. Nc3 Nf6 4. Bc4 0-0 5. 0-0 b6 6. d3 Bb7 7. Bf4 d6 8. Qd2 Nbd7 9. Bh6 Ne5 10. Nxe5 dxe5 11. Bxg7 Kxg7 12. Ne2 Nxe4 13. Qe3 f5 14. dxe4 fxe4 15. Ng3 Qd4 16. Qxd4 exd4 17. Rfe1 Rad8 18. Nxe4 Bd5 19. Bxd5 Rxd5 20. Rad1 Rfd8 21. Ng3 e5 22. Re4 d3 23. cxd3 Rxd3 24. Rxd3 Rxd3 25. Rxe5 Rd2 26. Re7+ Kh6 27. Rxc7 Rxb2 28. Rxa7 b5 29. Ra3 b4 30. Rb3 Rxa2 31. Rxb4 Ra1+ 32. Nf1 g5 33. g3 Kg6 34. Kg2 h5 35. Ne3 Re1 36. h4 Rc1 37. Rb6+ Kf7 38. hxg5 Rc8 39. g6+ Kg7 40. Nf5+ Kg8 41. Ne7+ Kf8 42. Nxc8 Kg7 43. f4 Kh6 44. f5 Kg5 45. g7 Kxf5 46. g8Q Ke4 47. Qc4+ Ke3 48. Rb3+ Kd2 49. Qc3+ Ke2 50. Qc2+ Ke1 51. Rb1# 1-0

[Event "ROM-ch U10 Girls"]
[Site "Calimanesti Caciulata"]
[Date "2019.04.16"]
[Round "2.12"]
[White "Nedelcu, Andreea"]
[Black "Moraru, Ana Alina"]
[Result "0-1"]
[WhiteElo "1221"]
[BlackElo "1061"]
[PlyCount "116"]
[EventDate "2019.04.15"]
[EventType "swiss"]
[EventRounds "9"]
[EventCountry "ROU"]
[SourceTitle "EXT 2024"]
[Source "ChessBase"]
[SourceDate "2023.10.10"]
[SourceVersion "1"]
[SourceVersionDate "2023.10.10"]
[SourceQuality "1"]

1. e4 c5 2. Nf3 d6 3. Bc4 e6 4. 0-0 Nf6 5. Nc3 Be7 6. d3 0-0 7. Be3 d5 8. e5 Ne8 9. Bb3 d4 10. Ne2 dxe3 11. fxe3 b6 12. Ng3 Bb7 13. Nh5 Bd5 14. Qe1 f6 15. d4 fxe5 16. Bxd5 exd5 17. dxe5 Nc7 18. Qg3 Ne6 19. Qg4 Qd7 20. Qg3 Qd8 21. Qg4 Qd7 22. Qg3 Qe8 23. Qh3 Qg6 24. Rad1 Rf5 25. Ng3 Rf7 26. Rxd5 Nc6 27. Rdd1 Raf8 28. Rf2 Ng5 29. Qg4 Nxf3+ 30. gxf3 Qxg4 31. fxg4 Rxf2 32. Rc1 Nxe5 33. h3 R2f3 34. Nf5 Bg5 35. Re1 Rxh3 36. Kg2 Rf3 37. e4 g6 38. Ng3 Rf2+ 39. Kh1 Nf3 40. Re2 Rxe2 41. Nxe2 Ne1 42. Kg1 Be3+ 43. Kh2 Rf2+ 44. Kh3 Rxe2 45. g5 Kg7 46. e5 h6 47. e6 Bxg5 48. e7 Rxe7 49. c4 Kf6 50. b4 Kf5 51. b5 Re3+ 52. Kh2 Kg4 53. a4 Nf3+ 54. Kg2 Re2+ 55. Kf1 Nd4 56. a5 Kf3 57. axb6 Ra2 58. Ke1 Ra1# 0-1

[Event "ROM-ch U10 Girls"]
[Site "Calimanesti Caciulata"]
[Date "2019.04.15"]
[Round "1.4"]
[White "Iordache, Alexia Andreea"]
[Black "Nedelcu, Andreea"]
[Result "1-0"]
[WhiteElo "1072"]
[BlackElo "1221"]
[PlyCount "111"]
[EventDate "2019.04.15"]
[EventType "swiss"]
[EventRounds "9"]
[EventCountry "ROU"]
[SourceTitle "EXT 2024"]
[Source "ChessBase"]
[SourceDate "2023.10.10"]
[SourceVersion "1"]
[SourceVersionDate "2023.10.10"]
[SourceQuality "1"]

1. e4 e5 2. Nf3 Nc6 3. Bc4 Nf6 4. d3 h6 5. h3 Bc5 6. c3 d6 7. Bb3 0-0 8. Nbd2 Be6 9. Bc2 Re8 10. Nf1 Ne7 11. g4 Ng6 12. Ng3 d5 13. Qe2 dxe4 14. dxe4 Nf4 15. Bxf4 exf4 16. Nf5 a6 17. Rd1 Qc8 18. b4 Ba7 19. a4 b5 20. axb5 axb5 21. Qxb5 Nxe4 22. Bxe4 Bb3 23. Rc1 Rxe4+ 24. Kf1 Qd8 25. Kg2 Bc4 26. Qc6 Bd5 27. Qb5 Bb3 28. Qc6 Re2 29. Rhf1 Rb8 30. Qa6 Ra8 31. Qxe2 g6 32. Ne7+ Kh7 33. Nc6 Qd6 34. Nxa7 Rxa7 35. Qd2 Qf6 36. Qd4 Qa6 37. Qxf4 Qc6 38. Ra1 Rxa1 39. Rxa1 Qxc3 40. Rc1 Qd3 41. Rxc7 Qd5 42. Rc5 Qb7 43. Qc7 Qe4 44. b5 Bd5 45. Rxd5 Qxd5 46. b6 h5 47. b7 hxg4 48. hxg4 Qe4 49. b8Q Qxg4+ 50. Qg3 Qxg3+ 51. Kxg3 f5 52. Kh4 g5+ 53. Kxg5 f4 54. Qb7+ Kh8 55. Kg6 Kg8 56. Qg7# 1-0

[Event "ROM-ch U10 Girls"]
[Site "Calimanesti"]
[Date "2018.04.01"]
[Round "7"]
[White "Nedelcu, Andreea"]
[Black "Pandelescu, Maria Catalina"]
[Result "1-0"]
[WhiteElo "1227"]
[BlackElo "1070"]
[PlyCount "61"]
[EventDate "2018.03.27"]
[EventType "swiss"]
[EventRounds "9"]
[EventCountry "ROU"]
[SourceTitle "CBM 183 Extra"]
[Source "ChessBase"]
[SourceDate "2018.04.19"]
[SourceVersion "1"]
[SourceVersionDate "2018.04.19"]
[SourceQuality "1"]

1. e4 c5 2. Nc3 Nc6 3. Nf3 g6 4. Bc4 Bg7 5. 0-0 Nf6 6. d3 0-0 7. Be3 d6 8. h3 a6 9. a4 Bd7 10. Qd2 Re8 11. Ng5 e6 12. f4 Na5 13. Ba2 b5 14. e5 b4 15. Nce4 Nxe4 16. dxe4 h6 17. Nxf7 Kxf7 18. f5 Bc8 19. fxe6+ Kg8 20. e7+ Kh7 21. exd8Q Rxd8 22. Rf7 g5 23. Rxg7+ Kxg7 24. Bxg5 Rh8 25. Bf6+ Kh7 26. Bxh8 Bd7 27. Qd5 Rf8 28. Qxd6 Rxh8 29. Qe7+ Kg6 30. Qf6+ Kh5 31. Bf7# 1-0

[Event "ROM-ch U10 Girls"]
[Site "Calimanesti"]
[Date "2018.03.30"]
[Round "5"]
[White "Nedelcu, Andreea"]
[Black "Stan, Oana Bianca"]
[Result "0-1"]
[WhiteElo "1227"]
[BlackElo "1237"]
[PlyCount "128"]
[EventDate "2018.03.27"]
[EventType "swiss"]
[EventRounds "9"]
[EventCountry "ROU"]
[SourceTitle "CBM 183 Extra"]
[Source "ChessBase"]
[SourceDate "2018.04.19"]
[SourceVersion "1"]
[SourceVersionDate "2018.04.19"]
[SourceQuality "1"]

1. e4 e5 2. Nf3 Nc6 3. Nc3 Nf6 4. Bb5 d6 5. h3 Bd7 6. 0-0 g6 7. d3 Bg7 8. Bg5 a6 9. Bxc6 Bxc6 10. Qe2 Qd7 11. d4 exd4 12. Nxd4 0-0 13. e5 dxe5 14. Qxe5 Nh5 15. Qe3 Rfe8 16. Qd3 Qxd4 17. Qxd4 Bxd4 18. Bd2 Bxc3 19. Bxc3 Re2 20. Rac1 Nf4 21. g3 Nxh3+ 22. Kh2 Nxf2 23. Rb1 Rxc2 24. g4 Nxg4+ 25. Kg3 Ne3 26. Rfe1 Re8 27. a3 Re4 28. Rg1 Rg4+ 29. Kh3 Rcg2 30. Rxg2 Rxg2 31. Re1 Bd7+ 32. Kh4 h6 33. Rh1 Nf1 34. Be5 Bc6 35. Rh3 g5+ 36. Kh5 g4 37. Rh4 Ng3+ 38. Kxg4 Ne2+ 39. Kf5 Rf2+ 40. Kg4 Bd7+ 41. Kh5 Rf5+ 42. Kxh6 Rxe5 43. Rh2 Nf4 44. Rh1 Rh5+ 45. Rxh5 Nxh5 46. Kxh5 f5 47. Kg5 Kf7 48. Kf4 Kf6 49. b4 b5 50. Kf3 Ke5 51. Ke3 f4+ 52. Kf3 Bc6+ 53. Kf2 Ke4 54. Ke2 f3+ 55. Kf2 Kd3 56. Kf1 Ke3 57. Kg1 Ke2 58. Kh2 f2 59. Kg3 f1Q 60. Kg4 Qf3+ 61. Kg5 Be4 62. Kh4 Qg2 63. Kh5 Bf5 64. Kh4 Qg4# 0-1

[Event "ROM-ch U10 Girls"]
[Site "Calimanesti"]
[Date "2018.03.28"]
[Round "2"]
[White "Nicula, Andreea Elena"]
[Black "Nedelcu, Andreea"]
[Result "0-1"]
[WhiteElo "1011"]
[BlackElo "1227"]
[PlyCount "74"]
[EventDate "2018.03.27"]
[EventType "swiss"]
[EventRounds "9"]
[EventCountry "ROU"]
[SourceTitle "CBM 183 Extra"]
[Source "ChessBase"]
[SourceDate "2018.04.19"]
[SourceVersion "1"]
[SourceVersionDate "2018.04.19"]
[SourceQuality "1"]

1. d4 Nf6 2. Nc3 e6 3. Bf4 Be7 4. Nf3 0-0 5. Nb5 d6 6. e3 b6 7. Bd3 Bb7 8. 0-0 Nbd7 9. Re1 Re8 10. e4 a6 11. Nc3 c5 12. dxc5 Nxc5 13. e5 Nd5 14. Nxd5 Bxd5 15. c4 Bb7 16. Nd4 Bg5 17. Bg3 d5 18. Qc2 Nxd3 19. Qxd3 dxc4 20. Qxc4 b5 21. Qc5 Rc8 22. Qa7 Re7 23. Red1 Rd7 24. h3 Bxg2 25. Qxa6 Bb7 26. Qxb5 Be4 27. Qa4 Ra8 28. Qc4 Rc8 29. Qb4 Bh4 30. Qd2 Bxg3 31. fxg3 Rc2 32. Qe3 f5 33. exf6 Rg2+ 34. Kf1 Qxf6+ 35. Qf4 Rxd4 36. Rxd4 Qxd4 37. Rc1 Qg1# 0-1